00716 2200265 4500001002100000005001700021008004100038035002400079082001300103090002100116100001900137245008400156260002900240300002400269650003200293700001700325850001200342980001500354985000600369999001500375999001500390999001500405999001500420999001500435YOGYA-0209000005893120090227034555.0 ind  0010-020900000058931 a899.2311 a899.2311bGeglT aMEDERA, Nengah aGEGURITAN LupakcAlih aksara dan Alih bahasa oleh Nengah Medera dan Nazir Thoir aJakartabDepdikbudc1978 a60 hlmbilusc21 cm aKesusastraan Bali - Tembang aThoir, Nazir aYOPDYOG a23-07-2008 a5 aa000021815 aa000021816 aa000021817 aa000021819 aa000059572